000 01169nkm a2200265 i 4500
001 4212
003 ES-MaACL
005 20250908230627.0
007 khrbo
008 070703s1988 sp --- g |001||spa d
100 0 _aAlfonso,
_d1902-1990
_919858
245 1 0 _aPresentación del libro "El canto de las arpías" de Julio de Aumente Martínez-Rücker [
_hFotografía] /
_cAlfonso (sello).
260 _a[S.l. :
_bs.n.],
_c1988.
300 _a2 fot. :
_bb. y n. ;
_c12 x 18 cm.
500 _aDatos basados en invitación.
511 0 _aInterviene: Julio de Aumente Martínez-Rücker; presenta: Luis Antonio de Villena.
518 _aActo organizado por el Ateneo de Madrid, celebrado en el salón de conferencias el miércoles, 10 de febrero de 1988, a las 20:00 h.
600 1 4 _aAumente, Julio,
_d1924-2006
_923917
600 1 7 _aVillena, Luis Antonio de,
_d1951-
_2embne
_9240059
610 2 4 _aAteneo de Madrid-
_xActos culturales-
_y1988-
_vFotografías.
_91903
710 2 _aAteneo de Madrid.
_91875
852 _aES-MaACL
_jFOT 26/1988
856 4 _uhttp://www.ateneodemadrid.net/biblioteca_digital/imagenes/1988/0026-1988.jpg
_zVer imagen
999 _c4212
_d4212